The essential guide to user interface design : (Record no. 18748)
[ view plain ]
| 000 -LEADER | |
|---|---|
| fixed length control field | 01222cam a22002774a 4500 |
| 005 - DATE AND TIME OF LATEST TRANSACTION | |
| control field | 20230614111647.0 |
| 008 - FIXED-LENGTH DATA ELEMENTS--GENERAL INFORMATION | |
| fixed length control field | 020205s2002 nyua b 001 0 eng |
| 010 ## - LIBRARY OF CONGRESS CONTROL NUMBER | |
| LC control number | 2002001898 |
| 020 ## - INTERNATIONAL STANDARD BOOK NUMBER | |
| ISBN | 0471084646 (Pbk. : alk. paper) |
| 040 ## - CATALOGING SOURCE | |
| Original cataloging agency | DLC |
| Transcribing agency | DLC |
| Modifying agency | DLC |
| 042 ## - AUTHENTICATION CODE | |
| Authentication code | pcc |
| 082 00 - DEWEY DECIMAL CLASSIFICATION NUMBER | |
| Classification number | 005.437 |
| Edition number | 21 |
| Item number | GAL-E |
| 100 1# - MAIN ENTRY--AUTHOR | |
| Author Name | Galitz, Wilbert O. |
| 245 14 - TITLE STATEMENT | |
| Title | The essential guide to user interface design : |
| Remainder of title | an introduction to GUI design principles and techniques / |
| Statement of responsibility, etc. | Wilbert O. Galitz. |
| 250 ## - EDITION STATEMENT | |
| Edition statement | 2nd ed. |
| 260 ## - PUBLICATION, DISTRIBUTION, ETC. | |
| Place of Publication | New York : |
| Name of publisher, distributor, etc. | Wiley Computer Pub., |
| Date of publication, distribution, etc. | c2002. |
| 300 ## - PHYSICAL DESCRIPTION | |
| Pages | xxiv, 760 p. : |
| 504 ## - BIBLIOGRAPHY, ETC. NOTE | |
| Bibliography, etc. note | Includes bibliographical references (p. 731-742) and index. |
| 650 #0 - SUBJECT ADDED ENTRY--TOPICAL TERM | |
| Subject / Department | Graphical user interfaces (Computer systems) |
| 300 ## - PHYSICAL DESCRIPTION | |
| -- | ill. ; |
| -- | 24 cm. |
| 856 42 - | |
| -- | Contributor biographical information |
| -- | http://www.loc.gov/catdir/bios/wiley046/2002001898.html |
| 856 42 - | |
| -- | Publisher description |
| -- | http://www.loc.gov/catdir/description/wiley0310/2002001898.html |
| 856 41 - | |
| -- | Table of contents |
| -- | http://www.loc.gov/catdir/toc/wiley021/2002001898.html |
| 906 ## - LOCAL DATA ELEMENT F, LDF (RLIN) | |
| a | 7 |
| b | cbc |
| c | orignew |
| d | 1 |
| e | ecip |
| f | 20 |
| g | y-gencatlg |
| 952 ## - LOCATION AND ITEM INFORMATION (KOHA) | |
| -- | 0 |
| -- | 0 |
| Lost status | Damaged status | Collection code | Permanent Location | Current Location | Shelving Location | Date acquired | Full Call Number | Accession No./Barcode | Date last seen | item type | Koha item type |
|---|---|---|---|---|---|---|---|---|---|---|---|
| CS/IT | Superior Information Resource Center (SIRC) Superior University- Gold Campus | Superior Information Resource Center (SIRC) Superior University- Gold Campus | Computer Science | 06/14/2023 | 005.437 GAL-E 2002 | 19328 | 06/14/2023 | BOOK | BOOK |
